Datum a čas kvízu

24 Celkem bodů Celkový počet nahraných bodů na tomto kvízu bez doplňovacích otázek.
12. Pořadí na kvízu Konečné umístění týmu na tomto kvízu.

Zaznamenané odpovědi

# Otázka Odpověď Body Výsledky
1. Ředitel pražské zoologické zah... Miroslav Bobek 1
2. Minulé pondělí byly oznámeny k... Moldavsko (Moldávie) 1
3. Minulý pátek vyšlo již 12. stu... The Life of a Showgirl 1
4. Minulý týden jsme se dozvěděli... Allwyn 1
5. Ve kterém městě se odehrál UFC... v Las Vegas 1
6. Wikipedii s nejvyšší pravděpod... z havajštiny 0
7. Fanoušci kvízu občas jistě se... A 0
8. Dobrým zdrojem informací jsou... Michal Suchánek, Richard Genzer 0
9. Mnemotechnické pomůcky se hodí... barvy duhy (pořadí) 0
10. Někdy však k úspěchu v kvízu s... 1D 2C 3A 4B 0